Arahan perbendaharaan(hingga 10hb November 2009).
| Format: | Book |
|---|---|
| Published: |
Petaling Jaya. Selangor:
International Law Book Services,
2009.
|
| Subjects: |
| LEADER | 00481cam a2200145 7i4500 | ||
|---|---|---|---|
| 001 | 0000025588 | ||
| 005 | 20110105090000.0 | ||
| 020 | 0 | 0 | |a 9789678920469 |
| 090 | 0 | 0 | |a M 352.63 |b ARA |
| 245 | 0 | 0 | |a Arahan perbendaharaan(hingga 10hb November 2009). |
| 260 | 0 | 0 | |a Petaling Jaya. Selangor: |b International Law Book Services, |c 2009. |
| 300 | # | # | |a 180p. |
| 650 | 0 | 0 | |a Finance,Public -- |x Law and legislation -- |z Malaysia |
| 651 | 0 | 0 | |a Malaysia |
| 999 | |a B000028030 |b Book |c Malaysia |e Business Information Centre | ||


